<?xml version="1.0" encoding="UTF-8"?>
<record
    xmlns:xsi="http://www.w3.org/2001/XMLSchema-instance"
    xsi:schemaLocation="http://www.loc.gov/MARC21/slim http://www.loc.gov/standards/marcxml/schema/MARC21slim.xsd"
    xmlns="http://www.loc.gov/MARC21/slim">

  <leader>01776    a2200301   4500</leader>
  <controlfield tag="001">49343</controlfield>
  <controlfield tag="005">20260407155757.0</controlfield>
  <controlfield tag="008">260407a2012    arg                 spa d</controlfield>
  <controlfield tag="003">AR-UNSa-BCEJYS</controlfield>
  <datafield tag="040" ind1=" " ind2=" ">
    <subfield code="a">AR-UNSa-BCEJYS</subfield>
    <subfield code="b">spa</subfield>
    <subfield code="c">AR-UNSa-BCEJYS</subfield>
  </datafield>
  <datafield tag="080" ind1=" " ind2=" ">
    <subfield code="a">347.736</subfield>
    <subfield code="x">Quiebra. Insolvencia. Suspensi&#xF3;n de pagos. Bancarrota, procedimientos. Derecho Concursal</subfield>
  </datafield>
  <datafield tag="245" ind1="1" ind2="0">
    <subfield code="a">Ley de concursos y quiebras</subfield>
    <subfield code="p">Actualizaci&#xF3;n Ley 26.684</subfield>
  </datafield>
  <datafield tag="020" ind1=" " ind2=" ">
    <subfield code="a">978-987-30-0290-8</subfield>
  </datafield>
  <datafield tag="250" ind1=" " ind2=" ">
    <subfield code="a">4a. ed. act.</subfield>
  </datafield>
  <datafield tag="264" ind1=" " ind2="1">
    <subfield code="a">Santa Fe :</subfield>
    <subfield code="b">Rubinzal-Culzoni Editores</subfield>
    <subfield code="c">2012</subfield>
  </datafield>
  <datafield tag="300" ind1=" " ind2=" ">
    <subfield code="a">507 p.</subfield>
    <subfield code="c">22 cm.</subfield>
  </datafield>
  <datafield tag="505" ind1=" " ind2=" ">
    <subfield code="a">1. Requisitos del periodo de concurso preventivo - 2. Resoluci&#xF3;n de apertura - 3. EL nuevo r&#xE9;gimen de pronto pago de los cr&#xE9;ditos laborales - 4. El r&#xE9;gimen de inter&#xE9;s en los cr&#xE9;ditos laborales en el concurso preventivo - 5. Plazo y mayor&#xED;a para la obtenci&#xF3;n del acuerdo para acreedores quirografarios - 6. El nuevo r&#xE9;gimen de salvataje - 7. Suspensi&#xF3;n de intereses en la quiebra - 8. La cooperativa de trabajo oferente para contratar sobre bienes de la quiebra - 9. Nuevo r&#xE9;gimen de continuaci&#xF3;n inmediata de la explotaci&#xF3;n - 10. Hipoteca y prenda en la continuaci&#xF3;n de la empresa - 11. Nuevos efectos de la quiebra sobre el contrato de trabajo  - 12. El nuevo r&#xE9;gimen de liquidaci&#xF3;n y distribuci&#xF3;n de bienes en la quiebra - 13. R&#xE9;gimen del nuevo comit&#xE9; de control. </subfield>
  </datafield>
  <datafield tag="041" ind1=" " ind2=" ">
    <subfield code="a">spa</subfield>
  </datafield>
  <datafield tag="942" ind1=" " ind2=" ">
    <subfield code="c">BK</subfield>
  </datafield>
  <datafield tag="590" ind1=" " ind2=" ">
    <subfield code="a">niveau_biblio:m niveau_hierar:0</subfield>
  </datafield>
  <datafield tag="100" ind1="1" ind2=" ">
    <subfield code="a">Rivera, Julio C&#xE9;sar</subfield>
  </datafield>
  <datafield tag="700" ind1="1" ind2=" ">
    <subfield code="a">Roitman, Horacio</subfield>
  </datafield>
  <datafield tag="700" ind1="1" ind2=" ">
    <subfield code="a">V&#xED;tolo, Daniel Roque</subfield>
  </datafield>
  <datafield tag="700" ind1="1" ind2=" ">
    <subfield code="a">Argentina [Leyes, etc.]</subfield>
  </datafield>
  <datafield tag="650" ind1=" " ind2=" ">
    <subfield code="a">LEY 26.684</subfield>
  </datafield>
  <datafield tag="856" ind1="4" ind2="1">
    <subfield code="u">https://www.biblioeco.unsa.edu.ar/pmb/images/libros/L128025.jpg</subfield>
    <subfield code="y">Imagen de portada</subfield>
    <subfield code="q">image/jpeg</subfield>
  </datafield>
  <datafield tag="650" ind1=" " ind2=" ">
    <subfield code="a"> ley 26 684 </subfield>
  </datafield>
  <datafield tag="999" ind1=" " ind2=" ">
    <subfield code="c">4814</subfield>
    <subfield code="d">4814</subfield>
  </datafield>
  <datafield tag="952" ind1=" " ind2=" ">
    <subfield code="0">0</subfield>
    <subfield code="1">0</subfield>
    <subfield code="4">0</subfield>
    <subfield code="7">0</subfield>
    <subfield code="a">BCEJYS</subfield>
    <subfield code="b">BCEJYS</subfield>
    <subfield code="c">16</subfield>
    <subfield code="d">2026-04-07</subfield>
    <subfield code="l">0</subfield>
    <subfield code="o">347.736 R621y 4ed.</subfield>
    <subfield code="p">L128025</subfield>
    <subfield code="r">2026-04-07 15:57:57</subfield>
    <subfield code="w">2026-04-07</subfield>
    <subfield code="y">L</subfield>
  </datafield>
</record>
